000 00457nam a2200169Ia 4500
008 240729s9999 xx 000 0 und d
022 _a2632-8828
245 0 _aQuantitative Plant Biology
260 _aUnited Kingdom
260 _bCambridge University Press
650 _a Botany
650 _a Plant culture | Science
650 _aAgriculture
856 _uhttps://doaj.org/toc/325d4895b7434cf58f4caf8bb89c8798
942 _2ddc
942 _cDOAJEJ
999 _c73930
_d73930
945 _a1
_bMadushi Gamage
_c1
_dMadushi Gamage